MARS nie je len planéta...

Problematika dohľadu nad trhom a vznik Advisory group of experts on market surveillance (tzv. skupiny MARS), ktorá pracuje pod záštitou pracovnej skupiny WP.6 EHK OSN pre spoluprácu v oblasti normalizácie a regulačnej politiky. Aktivity zamerané na vytváranie priaznivých podmienok na rozvoj a skvali...

Full description

Saved in:
Bibliographic Details
Main Author: Čížová, Želmíra
Other Authors: Jurík, Matej
Format: Book Chapter
Language:Slovak
Subjects:
Tags: Add Tag
No Tags, Be the first to tag this record!

MARC

LEADER 00000naa a2200000 4500
001 0143640
005 20230511071253.1
041 0 |a slo 
044 |a SK 
245 1 0 |a MARS nie je len planéta...  |c Želmíra Čížová, Matej Jurík 
520 |a Problematika dohľadu nad trhom a vznik Advisory group of experts on market surveillance (tzv. skupiny MARS), ktorá pracuje pod záštitou pracovnej skupiny WP.6 EHK OSN pre spoluprácu v oblasti normalizácie a regulačnej politiky. Aktivity zamerané na vytváranie priaznivých podmienok na rozvoj a skvalitnenie celosvetového obchodu a hospodárskej spolupráce. Zjednotenie úsilia členských štátov skupiny MARS v boji proti neštandardným a falšovaným tovarom. 
610 2 0 |a normalizácia technická 
610 2 0 |a trh 
610 2 0 |a tovar 
610 2 0 |a organizácie medzinárodné 
610 2 0 |a spolupráca medzinárodná 
610 2 0 |a obchod medzinárodný 
100 1 |a Čížová, Želmíra 
700 1 |a Jurík, Matej